[Event "Challenge"]
[Site "http://www.queenalice.com/game.php?id=1097861"]
[Date "2012.8.30"]
[Round "-"]
[White "Fauquinelle"]
[Black "Enrico64"]
[Result "0-1"]
[WhiteElo "1835"]
[BlackElo "1702"]

1. f4 d5 2. Nf3 g6 3. g3 Bg7 4. Bg2 Nf6 5. O-O O-O 6. d3 c5 7. Nbd2 Nc6 8. e4 e6
9. c4 Qb6 10. cxd5 exd5 11. e5 Ng4 12. Nb3 Be6 13. Kh1 Rad8 14. h3 Nf2+ 15. Rxf2
c4 16. Nbd4 Nxd4 17. Be3 Qa6 18. Bxd4 cxd3 19. Rd2 Bf5 20. Ne1 Be4 21. Nxd3
Bxg2+ 22. Kxg2 b6 23. Nb4 Qb7 24. Kf2 Rd7 25. a3 a5 26. Na2 h5 27. h4 f6 28.
exf6 Bxf6 29. Nc3 b5 30. Bxf6 Rxf6 31. Rxd5 Rxd5 32. Qxd5+ Qxd5 33. Nxd5 Rd6 34.
Rd1 Kf7 35. Ke2 Re6+ 36. Ne3 Rc6 37. Rd2 Ke6 38. Nc2 Rc5 39. Ke3 Kf5 40. Rd6
Rxc2 41. Rd5+ Kg4 42. Rxb5 Kxg3 43. Kd3 Rf2 44. Ke3 Rf3+ 45. Ke2 Rxf4 46. Rg5+
Rg4 47. Rxg4+ hxg4 48. b4 axb4 49. axb4 Kh2 50. b5 g3 51. b6 g2 52. b7 g1=Q 53.
b8=Q+ Qg3 54. Qxg3+ Kxg3 55. Kf1 Kxh4 56. Kg2 g5 57. Kh2 g4 0-1

[Event "Challenge"]
[Site "http://www.queenalice.com/game.php?id=1100000"]
[Date "2012.9.5"]
[Round "-"]
[White "Enrico64"]
[Black "bonfim"]
[Result "1-0"]
[WhiteElo "1727"]
[BlackElo "1719"]

1. d4 d5 2. Nf3 Nf6 3. Nc3 Bf5 4. e3 e6 5. h3 Bb4 6. Bd2 Ne4 7. Nb5 a6 8. Bxb4
axb5 9. Bxb5+ Nc6 10. Ne5 Nd6 11. Qe2 O-O 12. Bxc6 bxc6 13. Nxc6 Qe8 14. Ne5 f6
15. Nf3 Qa4 16. Bxd6 cxd6 17. b3 Qc6 18. c4 dxc4 19. bxc4 Ra4 20. O-O Rxc4 21.
Nd2 Rc2 22. f3 d5 23. e4 dxe4 24. fxe4 Bxe4 25. Qxe4 Qxe4 26. Nxe4 Rc4 27. Rad1
e5 28. Ng3 exd4 29. Rf4 g5 30. Rfxd4 Rc3 31. Kh2 Rc2 32. a4 Kg7 33. Rd5 Kg6 34.
Rd6 h5 35. Ra1 h4 36. Nf1 Ra8 37. a5 Rc7 38. a6 Kh5 39. Rxf6 g4 40. Ra5+ Rc5 41.
Rxc5# 1-0

[Event "Challenge"]
[Site "http://www.queenalice.com/game.php?id=1100384"]
[Date "2012.9.6"]
[Round "-"]
[White "Enrico64"]
[Black "robertson"]
[Result "1-0"]
[WhiteElo "1725"]
[BlackElo "1705"]

1. d4 Nf6 2. c4 h6 3. Nf3 e6 4. Nc3 c5 5. d5 a6 6. e4 d6 7. Bd3 Bd7 8. h3 Be7 9.
e5 Ng8 10. Bf4 Qb6 11. b3 g5 12. Bg3 f6 13. Bg6+ Kd8 14. dxe6 Bxe6 15. exd6 Bf8
16. O-O Nd7 17. Re1 Ne5 18. Nxe5 h5 19. Nf7+ Bxf7 20. Bxf7 Kd7 21. Re6 Rh7 22.
Bxg8 Rh8 23. Bf7 Rh6 24. Nd5 Qa7 25. Nxf6+ Rxf6 26. Rxf6 Bg7 27. Be6+ Kc6 28.
Qd5+ Kb6 29. Be5 Bxf6 30. Bxf6 Qb8 31. d7 Qf8 32. Bxg5 Kc7 33. Qe5+ Kb6 34. Rd1
Ka7 35. d8=Q Rxd8 36. Rxd8 Qxd8 37. Bxd8 a5 38. Qxc5+ Kb8 39. Bb6 1-0

[Event "Challenge"]
[Site "http://www.queenalice.com/game.php?id=1100385"]
[Date "2012.9.6"]
[Round "-"]
[White "robertson"]
[Black "Enrico64"]
[Result "0-1"]
[WhiteElo "1724"]
[BlackElo "1693"]

1. e3 e5 2. Nc3 d5 3. Bb5+ c6 4. Be2 Nf6 5. a3 a5 6. h3 d4 7. exd4 exd4 8. Nb1
Bf5 9. d3 Be7 10. c3 c5 11. Nf3 O-O 12. c4 Nc6 13. g4 Bg6 14. Bf4 Bd6 15. Bg5
Qe7 16. Nbd2 Bxd3 17. Ng1 Rae8 18. Ndf3 Bxc4 19. Kf1 Bxe2+ 20. Nxe2 Qe4 21. Neg1
Be5 22. Kg2 d3 23. Qd2 h6 24. Re1 Qd5 25. Be3 g5 26. Kf1 Bd6 27. Qd1 c4 28. h4
Nxg4 29. Bd2 Bc5 30. Nh3 Nd4 31. Nhg1 b6 32. hxg5 Rxe1+ 33. Kxe1 Nxf3+ 34. Qxf3
Bxf2+ 35. Kf1 Qxf3 36. Nxf3 Bc5 37. gxh6 Bd4 38. Rh4 Ne3+ 39. Bxe3 Bxe3 40. h7+
Kh8 41. Ne5 Bc1 42. Nxc4 d2 43. Rd4 Kxh7 44. a4 Rb8 45. b3 f5 46. Nxd2 Bxd2 47.
Rxd2 b5 48. axb5 Rxb5 49. Rb2 Kg6 50. Ke2 f4 51. Kd3 Kg5 52. Kc4 Rb4+ 53. Kc3 f3
54. Rd2 Kg4 55. Ra2 Kg3 56. Rxa5 Rf4 57. Ra1 Kg2 58. b4 f2 59. Kb3 Re4 60. Ra2
Kf3 61. Rxf2+ Kxf2 62. Ka4 Re8 63. b5 Ke3 64. b6 Rb8 65. Ka5 Kd4 66. Ka6 Ra8+
67. Kb5 Kd5 68. b7 Rb8 69. Kb6 Kd6 70. Ka7 Kc7 71. Ka6 Rxb7 72. Ka5 Kc6 73. Ka4
Rb5 74. Ka3 Kc5 75. Ka4 Kc4 76. Ka3 Rb4 77. Ka2 Rb3 0-1

[Event "Challenge"]
[Site "http://www.queenalice.com/game.php?id=1102270"]
[Date "2012.9.12"]
[Round "-"]
[White "bonfim"]
[Black "Enrico64"]
[Result "0-1"]
[WhiteElo "1703"]
[BlackElo "1709"]

1. e4 e5 2. Nf3 Nc6 3. Nc3 Nf6 4. Bb5 d6 5. Bxc6+ bxc6 6. d4 exd4 7. Nxd4 Bb7 8.
b4 d5 9. exd5 cxd5 10. Qe2+ Be7 11. Bg5 O-O 12. Qb5 Qc8 13. a3 Re8 14. O-O Ba6
15. Nf5 Bxb5 16. Rfd1 Qxf5 17. Nxb5 Rec8 18. Bxf6 Bxf6 19. Ra2 c6 20. Nd6 Qg4
21. Nxc8 Qxd1# 0-1

[Event "AUTO-ADV-2622"]
[Site "http://www.queenalice.com/game.php?id=1103872"]
[Date "2012.9.17"]
[Round "1"]
[White "rvdornel"]
[Black "Enrico64"]
[Result "1-0"]
[WhiteElo "1939"]
[BlackElo "1699"]

1. e4 e5 2. Nf3 Nc6 3. Bb5 Nge7 4. Nc3 a6 5. Ba4 b5 6. Bb3 d6 7. d3 h6 8. d4 Bg4
9. Ne2 f5 10. dxe5 dxe5 11. Qxd8+ Rxd8 12. exf5 Bxf5 13. c3 g5 14. Nd2 Bd3 15.
a4 b4 16. Bc4 e4 17. Ng3 Bxc4 18. Nxc4 e3 19. Nxe3 Nd5 20. Nxd5 Rxd5 21. O-O Bg7
22. cxb4 Nxb4 23. Rb1 Nd3 24. Rd1 O-O 25. b3 Rxf2 26. Be3 Rf7 27. b4 c6 28. Bc5
Nxc5 29. Rxd5 Nxa4 30. Rd8+ Bf8 31. Rf1 c5 32. Rxf7 Kxf7 33. bxc5 Nxc5 34. Ra8
Bg7 35. Nf5 h5 36. Ra7+ Kg6 37. Nxg7 h4 38. Ne8 g4 39. Nc7 g3 40. h3 Kf5 41.
Nxa6 Ne6 42. Nc7 Nf4 43. Ra5+ Ke4 44. Nb5 Ke3 45. Ra4 Nd3 46. Rxh4 Nf4 47. Nc3
1-0

[Event "AUTO-ADV-2622"]
[Site "http://www.queenalice.com/game.php?id=1103873"]
[Date "2012.9.17"]
[Round "1"]
[White "Enrico64"]
[Black "rvdornel"]
[Result "0-1"]
[WhiteElo "1707"]
[BlackElo "1910"]

1. e4 e5 2. Nf3 Nc6 3. d3 Bc5 4. c3 d6 5. b4 Bb6 6. b5 Nce7 7. c4 c6 8. a4 a6 9.
Na3 Bd7 10. Be3 Bxe3 11. fxe3 cxb5 12. axb5 Bg4 13. d4 Qa5+ 14. Qd2 Qxd2+ 15.
Nxd2 axb5 16. cxb5 b6 17. Bc4 Nf6 18. h3 Bh5 19. O-O Bg6 20. Bd3 O-O 21. Nac4
Rxa1 22. Rxa1 exd4 23. exd4 Nc8 24. Ra6 d5 25. e5 Bxd3 26. exf6 Bxc4 27. Nxc4
dxc4 28. fxg7 Kxg7 29. Ra8 Kf6 30. Kf2 Kf5 31. Kf3 Ke6 32. Ke4 Nd6+ 0-1

[Event "AUTO-ADV-2622"]
[Site "http://www.queenalice.com/game.php?id=1103888"]
[Date "2012.9.17"]
[Round "1"]
[White "ChessColossos"]
[Black "Enrico64"]
[Result "1-0"]
[WhiteElo "1830"]
[BlackElo "1724"]

1. e4 e5 2. Nf3 Nc6 3. d4 exd4 4. Nxd4 Bc5 5. Be3 Nf6 6. Nxc6 dxc6 7. Qxd8+ Kxd8
8. Bxc5 Nxe4 9. Bd4 f6 10. Bd3 Bf5 11. f3 Nd6 12. Bxf5 Nxf5 13. Bc3 Re8+ 14. Kf2
Ne3 15. Na3 a5 16. Rhe1 Nd5 17. Rxe8+ Kxe8 18. Re1+ Kf7 19. Bd2 b5 20. c4 Nb4
21. Bxb4 axb4 22. Nc2 Rxa2 23. Rb1 Ra4 24. cxb5 cxb5 25. Kg3 b3 26. Na3 b4 27.
Nb5 c5 28. Nd6+ Ke6 29. Nc4 Ra6 30. Rd1 g5 31. Kg4 h6 32. Kh5 f5 33. Kxh6 Kf6
34. Rd6+ Rxd6 35. Nxd6 g4 36. fxg4 fxg4 37. Ne4+ Kf5 38. Nxc5 Kf4 39. Kh5 g3 40.
h4 Ke3 41. Kg4 Kf2 42. Kh3 Kg1 43. h5 Kh1 44. h6 Kg1 45. Kxg3 Kf1 46. h7 Ke1 47.
h8=Q Kd1 48. Qd4+ Kc2 49. Na4 Kb1 50. Qxb4 Ka2 51. Qa3+ Kb1 52. Qxb3 Ka1 53. Qc3
Ka2 54. b4 Kb1 55. Qb2# 1-0

[Event "AUTO-ADV-2622"]
[Site "http://www.queenalice.com/game.php?id=1103889"]
[Date "2012.9.17"]
[Round "1"]
[White "Enrico64"]
[Black "ChessColossos"]
[Result "0-1"]
[WhiteElo "1712"]
[BlackElo "1851"]

1. e4 e5 2. f4 exf4 3. Bc4 Qh4+ 4. Kf1 d5 5. Bxd5 g5 6. h3 Nf6 7. Nf3 Bg4 8. Qe1
Qxe1+ 9. Kxe1 Bxf3 10. gxf3 Nxd5 11. exd5 Na6 12. d3 Nb4 13. Na3 Nxd5 14. Bd2
Bxa3 15. b3 Bb2 16. Rb1 Bc3 17. Rh2 O-O-O 18. Kf1 Bxd2 19. Rxd2 Rde8 20. c4 Ne3+
21. Kf2 Rd8 22. d4 Nf5 23. d5 c6 24. Rbd1 Ne3 25. Rg1 h6 26. d6 f6 27. c5 Rhe8
28. Re1 Nd5 29. Re4 f5 30. Rxe8 Rxe8 31. a3 a5 32. Re2 Rxe2+ 33. Kxe2 h5 34. Kd3
g4 35. hxg4 fxg4 36. fxg4 hxg4 37. Ke4 g3 38. Ke5 Kd7 39. b4 axb4 40. axb4 Nxb4
41. Ke4 g2 42. Kf3 g1=Q 43. Kxf4 Qe1 44. Kg5 Qf2 45. Kg4 Nd3 46. Kg5 Nxc5 47.
Kg4 Ke6 48. Kg5 Qf3 49. Kh4 Qg2 50. Kh5 Kf6 51. Kh4 Kf5 52. Kh5 Qh3# 0-1

[Event "AUTO-ADV-2622"]
[Site "http://www.queenalice.com/game.php?id=1103898"]
[Date "2012.9.17"]
[Round "1"]
[White "DORLISS"]
[Black "Enrico64"]
[Result "1-0"]
[WhiteElo "1726"]
[BlackElo "1727"]

1. e4 e5 2. Nf3 Nc6 3. Bb5 Nge7 4. O-O a6 5. Ba4 b5 6. Bb3 g6 7. Re1 d5 8. exd5
Nxd5 9. Nxe5 Nxe5 10. Rxe5+ Be6 11. Bxd5 Ra7 12. Qf3 Be7 13. Bxe6 fxe6 14. Rxe6
Rf8 15. Qe3 c5 16. Qxc5 Rc7 17. Qe3 Rxc2 18. d4 Rcxf2 19. Nd2 R8f7 20. Nf3 Rc2
21. Ng5 Rff2 22. Nf3 Rxg2+ 23. Kh1 Rce2 24. Qxe2 Rxe2 25. Rxe2 Qd5 26. Kg2 Kf7
27. Bd2 Bf6 28. Bc3 b4 29. Bxb4 h5 30. Bc5 g5 31. Kf2 Qf5 32. Kg2 g4 33. Ne5+
Kg7 34. Rf1 Qe6 35. Bf8+ Kh7 36. Kg1 h4 37. Ref2 Bxe5 38. dxe5 Qxe5 39. Rf7+ Kg8
40. Rg7+ Kh8 41. Rxg4 Qxb2 42. Bg7+ Qxg7 43. Rxg7 Kxg7 44. Kg2 Kg6 45. Kh3 Kg5
46. a4 1-0

[Event "AUTO-ADV-2622"]
[Site "http://www.queenalice.com/game.php?id=1103899"]
[Date "2012.9.17"]
[Round "1"]
[White "Enrico64"]
[Black "DORLISS"]
[Result "0-1"]
[WhiteElo "1710"]
[BlackElo "1733"]

1. e4 e5 2. Nf3 Nc6 3. Nc3 Bb4 4. d3 Nf6 5. Bd2 O-O 6. a3 Bxc3 7. Bxc3 Re8 8. d4
exd4 9. Nxd4 Nxe4 10. Be2 Qh4 11. g3 Qh3 12. Nxc6 bxc6 13. Qd4 Nxc3 14. Qxc3 Ba6
15. O-O-O Bxe2 16. Rd2 Qh6 17. h4 Bb5 18. f4 d5 19. Rd4 Re2 20. g4 Rae8 21. g5
Qe6 22. Rf1 Re3 23. Qd2 Bxf1 24. b3 Re4 25. Rxe4 Qxe4 26. h5 Qe1+ 27. Qxe1 Rxe1+
28. Kd2 Re4 29. f5 h6 30. gxh6 gxh6 31. c3 Kg7 32. b4 Kf6 33. a4 Kxf5 34. a5 Kg5
35. Kc2 Kxh5 36. Kb3 Kg5 37. Ka4 Bb5+ 38. Ka3 f5 39. Kb3 f4 40. a6 Bxa6 41. Ka4
f3 42. Ka5 Be2 43. Ka4 f2 44. Ka5 f1=Q 0-1

[Event "AUTO-ADV-2623"]
[Site "http://www.queenalice.com/game.php?id=1104262"]
[Date "2012.9.19"]
[Round "1"]
[White "Enrico64"]
[Black "chicobarretov"]
[Result "0-1"]
[WhiteElo "1736"]
[BlackElo "1911"]

1. e4 e5 2. Nf3 Nc6 3. Nc3 Nf6 4. d4 d6 5. Bb5 Bd7 6. d5 Ne7 7. Qd3 a6 8. Bc4
Ng6 9. Bg5 Be7 10. O-O-O Bg4 11. h3 Bxf3 12. Qxf3 h6 13. Be3 Nh4 14. Qg3 g5 15.
f4 exf4 16. Bxf4 gxf4 17. Qxh4 Nxe4 18. Qxf4 Bg5 19. Qxg5 Qxg5+ 0-1

[Event "AUTO-ADV-2623"]
[Site "http://www.queenalice.com/game.php?id=1104263"]
[Date "2012.9.19"]
[Round "1"]
[White "chicobarretov"]
[Black "Enrico64"]
[Result "1-0"]
[WhiteElo "1895"]
[BlackElo "1740"]

1. e4 e5 2. Nf3 d6 3. b3 Nc6 4. Bb2 Be6 5. d3 f5 6. Nbd2 Nf6 7. Be2 Qe7 8. O-O
O-O-O 9. exf5 Bxf5 10. Nc4 e4 11. Nfd2 d5 12. Ne3 d4 13. Nxf5 Qe5 14. Ng3 e3 15.
Nc4 Qe6 16. Ne4 Nxe4 17. Bg4 exf2+ 18. Kh1 Ng5 19. Bxe6+ Nxe6 20. Rxf2 Bc5 21.
Qg4 Rhe8 22. Re1 b5 23. Nd2 Rd6 24. Ne4 Rd5 25. Nxc5 Re5 26. Rfe2 Rxc5 27. Rxe6
Rxe6 28. Qxe6+ Kb7 29. Re2 g5 30. Qe4 Kb6 31. h3 h5 32. Qg6 h4 33. Bxd4 1-0

[Event "AUTO-ADV-2623"]
[Site "http://www.queenalice.com/game.php?id=1104264"]
[Date "2012.9.19"]
[Round "1"]
[White "Enrico64"]
[Black "vivafischer"]
[Result "0-1"]
[WhiteElo "1740"]
[BlackElo "1704"]

1. e4 e6 2. d4 d5 3. e5 c5 4. c3 Nc6 5. Nf3 Qb6 6. c4 cxd4 7. Nxd4 Qxd4 8. Be3
Qxd1+ 9. Kxd1 dxc4 10. Bxc4 Nxe5 11. Nd2 Nf6 12. Bd4 Nxc4 13. Nxc4 Be7 14. Re1
O-O 15. f4 Rd8 16. Nd2 Rxd4 17. f5 Bb4 18. Re2 Rxd2+ 19. Rxd2 Bxd2 20. Kxd2 exf5
21. Re1 Be6 22. b3 Rd8+ 23. Kc1 g5 0-1

[Event "AUTO-ADV-2623"]
[Site "http://www.queenalice.com/game.php?id=1104265"]
[Date "2012.9.19"]
[Round "1"]
[White "vivafischer"]
[Black "Enrico64"]
[Result "1-0"]
[WhiteElo "1721"]
[BlackElo "1723"]

1. e4 e5 2. Nf3 d6 3. d4 f6 4. Bc4 Ne7 5. c3 Bd7 6. Qb3 Qc8 7. Bf7+ Kd8 8. dxe5
fxe5 9. O-O c5 10. Be3 Qc6 11. Nbd2 b5 12. Ng5 c4 13. Qd1 h6 14. Ne6+ Bxe6 15.
Bxe6 Nd7 16. a4 Nc5 17. Bxc5 Qxc5 18. axb5 Qxb5 19. Nxc4 Nc8 20. Ra5 Qe8 21. Qd5
Qe7 22. Qxa8 Qxe6 23. Ne3 Be7 24. Nd5 Ke8 25. Nc7+ 1-0

[Event "AUTO-ADV-2623"]
[Site "http://www.queenalice.com/game.php?id=1104266"]
[Date "2012.9.19"]
[Round "1"]
[White "Enrico64"]
[Black "vitinha"]
[Result "0-1"]
[WhiteElo "1746"]
[BlackElo "1829"]

1. e4 e5 2. Nf3 Nc6 3. Nc3 Bc5 4. d3 Qf6 5. Nd5 Qd6 6. a3 Nf6 7. Nxf6+ Qxf6 8.
Be2 a5 9. Be3 Bxe3 10. fxe3 d6 11. O-O Qg6 12. Nh4 Qg5 13. Nf5 g6 14. Ng3 Qxe3+
15. Rf2 O-O 16. Kh1 Qxf2 17. Qf1 Qxf1+ 18. Rxf1 Nd4 19. Bd1 c5 20. c3 Nb5 21. a4
Nc7 22. Bb3 Be6 23. c4 Bg4 24. h3 Bd7 25. Rf6 Ne6 26. Ne2 Kg7 27. Rf3 Ng5 28.
Rf2 f5 29. Bc2 fxe4 30. Rxf8 Rxf8 31. Ng3 e3 32. Bd1 Rf2 33. b3 Rd2 34. Be2 Rb2
35. h4 Rb1+ 0-1

[Event "AUTO-ADV-2623"]
[Site "http://www.queenalice.com/game.php?id=1104267"]
[Date "2012.9.19"]
[Round "1"]
[White "vitinha"]
[Black "Enrico64"]
[Result "1-0"]
[WhiteElo "1848"]
[BlackElo "1738"]

1. d4 d5 2. Nf3 Nf6 3. h3 h6 4. Nc3 e6 5. e3 a6 6. a4 Bb4 7. Bd3 c6 8. O-O O-O
9. Ne2 c5 10. c3 Ba5 11. b3 Nbd7 12. Ba3 Bc7 13. dxc5 Ne5 14. Nxe5 Bxe5 15. Rc1
b5 16. axb5 axb5 17. Bb4 Ba6 18. f4 Bc7 19. Ng3 Re8 20. Nh5 e5 21. Nxf6+ Qxf6
22. f5 e4 23. Be2 Re5 24. Bg4 Bc8 25. Qd4 Bxf5 26. Bxf5 Rxf5 27. Qxf6 Rxf6 28.
Rxf6 gxf6 29. Rf1 Be5 30. Rf5 Ra2 31. Rf2 Ra8 32. Rd2 Rd8 33. Ba5 Ra8 34. Bb4 f5
35. Rxd5 Ra1+ 36. Kf2 f6 37. c6 Ra7 38. Rxb5 Rc7 39. Rb6 f4 40. Ba5 Kf7 41. c4
Ke6 42. Ra6 Kd6 43. Bxc7+ Kxc7 44. c5 f5 45. b4 1-0

[Event "Challenge"]
[Site "http://www.queenalice.com/game.php?id=1104516"]
[Date "2012.9.19"]
[Round "-"]
[White "Enrico64"]
[Black "bonfim"]
[Result "1-0"]
[WhiteElo "1684"]
[BlackElo "1701"]

1. e4 e6 2. d4 d6 3. Nf3 Nf6 4. Bd3 Nc6 5. Qe2 e5 6. Bb5 Bd7 7. Bxc6 Bxc6 8. Nc3
Be7 9. dxe5 dxe5 10. Nxe5 Bb4 11. Nxc6 Bxc3+ 12. bxc3 bxc6 13. O-O O-O 14. Bg5
Qe8 15. Bxf6 gxf6 16. Qg4+ Kh8 17. Qf3 Qe5 18. Rfe1 Rfe8 19. Re3 Rab8 20. Qg3
Rg8 21. Qxe5 fxe5 22. c4 c5 23. Rd1 Rb4 24. Rc3 Rg5 25. f3 f5 26. Rd8+ Rg8 27.
Rxg8+ Kxg8 28. exf5 Kf7 29. g4 Kf6 30. Kf2 Rb1 31. h4 Rh1 32. h5 Kg5 33. Re3
Rh2+ 34. Ke1 Kf6 35. Rc3 Rh3 36. Ke2 e4 37. Re3 Ke5 38. c3 Rh2+ 39. Kf1 Rxa2 40.
g5 Kxf5 41. Rxe4 Kxg5 42. Re5+ Kf4 43. Rxc5 Kxf3 44. Rxc7 Rc2 45. Rf7+ Kg4 46.
Rxh7 Rxc3 47. h6 Rxc4 48. Rg7+ Kh5 49. h7 Rc1+ 50. Ke2 Rc8 51. Rg8 Kh6 52. h8=Q#
1-0

[Event "Challenge"]
[Site "http://www.queenalice.com/game.php?id=1104517"]
[Date "2012.9.19"]
[Round "-"]
[White "bonfim"]
[Black "Enrico64"]
[Result "0-1"]
[WhiteElo "1684"]
[BlackElo "1701"]

1. e4 e5 2. Bc4 c6 3. Nc3 Nf6 4. Nf3 d5 5. Bd3 Bd6 6. exd5 cxd5 7. Bb5+ Nbd7 8.
d4 e4 9. Ne5 a6 10. Bxd7+ Bxd7 11. Bg5 Qa5 12. Bxf6 gxf6 13. Nxd7 Kxd7 14. Qd2
Bb4 15. a3 Bxc3 16. bxc3 Rhc8 17. c4 Qxd2+ 18. Kxd2 dxc4 19. Ke3 f5 20. g3 c3
21. Kf4 Ke6 22. Rhd1 Rd8 23. Rab1 b5 24. Rb3 Rac8 25. Rb4 Rd5 26. h3 a5 27. Rbb1
Rc4 28. Ke3 Kf6 29. h4 h5 30. Ra1 Ra4 31. Rdb1 Raxd4 32. Rxb5 Rd2 33. Rxd5 Rxd5
34. Rb1 Rd2 35. Rb5 Rxc2 36. Rxa5 Ra2 37. Rc5 Rxa3 38. Kf4 Ra2 39. Rxc3 Rxf2+
40. Ke3 Rf3+ 41. Kd2 Rxc3 42. Kxc3 Ke5 43. Kd2 f4 44. g4 hxg4 45. h5 Kf6 46. h6
Kg6 47. h7 Kxh7 48. Ke2 g3 49. Kf1 f3 50. Kg1 e3 51. Kh1 e2 52. Kg1 e1=Q# 0-1

[Event "Challenge"]
[Site "http://www.queenalice.com/game.php?id=1109143"]
[Date "2012.10.3"]
[Round "-"]
[White "Enrico64"]
[Black "Fauquinelle"]
[Result "1-0"]
[WhiteElo "1716"]
[BlackElo "1813"]

1. e4 e5 2. Nf3 Nc6 3. Bb5 a6 4. Ba4 Nf6 5. Nc3 b5 6. Bb3 Bc5 7. Nd5 Nxe4 8. Qe2
Nxf2 9. Rf1 Ng4 10. h3 Nf6 11. Nxe5 Nxe5 12. Qxe5+ Be7 13. Nxc7+ 1-0

[Event "Challenge"]
[Site "http://www.queenalice.com/game.php?id=1109716"]
[Date "2012.10.5"]
[Round "-"]
[White "edemarc"]
[Black "Enrico64"]
[Result "0-1"]
[WhiteElo "1454"]
[BlackElo "1733"]

1. e4 e5 2. Nf3 d6 3. Bb5+ c6 4. Be2 Nf6 5. d3 d5 6. Nxe5 dxe4 7. d4 c5 8. Bb5+
Nbd7 9. d5 a6 10. Bxd7+ Nxd7 11. Nc4 b5 12. Ne3 Nf6 13. O-O Bb7 14. Nc3 b4 15.
Na4 Nxd5 16. Nxc5 Bxc5 17. Re1 O-O 18. Nf5 Bxf2+ 19. Kxf2 Qb6+ 20. Kf1 g6 21.
Nh6+ Kg7 22. c4 Qf6+ 0-1

[Event "Challenge"]
[Site "http://www.queenalice.com/game.php?id=1109746"]
[Date "2012.10.5"]
[Round "-"]
[White "Enrico64"]
[Black "bonfim"]
[Result "1-0"]
[WhiteElo "1726"]
[BlackElo "1683"]

1. e4 e5 2. Nc3 Nf6 3. d3 Nc6 4. f4 exf4 5. Bxf4 Bb4 6. Ne2 d5 7. a3 Bxc3+ 8.
Nxc3 dxe4 9. Nxe4 Nxe4 10. dxe4 Qe7 11. Bd3 Be6 12. O-O O-O 13. c3 g5 14. Bg3
Rad8 15. Qc2 f6 16. Rae1 Ne5 17. Be2 Qc5+ 18. Bf2 Qd6 19. Bxa7 Qc6 20. Bf2 b5
21. Be3 Rf7 22. Bh5 Rg7 23. Rxf6 Rf8 24. Rxf8+ Kxf8 25. Qd2 Nd7 26. Bxg5 Kg8 27.
Be8 Kf8 28. Bh6 Kg8 29. Bxg7 Kxg7 30. Rf1 Qc4 31. Qg5+ Kh8 32. Bxd7 Bg8 33. Qe5#
1-0

[Event "Challenge"]
[Site "http://www.queenalice.com/game.php?id=1109747"]
[Date "2012.10.5"]
[Round "-"]
[White "bonfim"]
[Black "Enrico64"]
[Result "0-1"]
[WhiteElo "1698"]
[BlackElo "1711"]

1. e4 e5 2. Nf3 Nc6 3. Nc3 Nf6 4. Bb5 Bc5 5. Bxc6 bxc6 6. d3 d6 7. Bg5 h6 8.
Bxf6 Qxf6 9. Qe2 Bb6 10. O-O-O c5 11. Nd5 Qe6 12. Nxc7+ Bxc7 13. h4 Qxa2 14. c4
Rb8 15. Rd2 Qa1+ 16. Kc2 Qxh1 17. Qe1 Qxg2 18. Ng1 Qg4 19. f3 Qd7 20. Rg2 Qa4+
21. Kb1 g6 22. Qc3 Rb3 23. Qc1 Rxd3 24. Rd2 Rb3 25. Rf2 Ba6 26. Rc2 Bd8 27. Rc3
Bxh4 28. Ne2 O-O 29. Rxb3 Qxb3 30. Qd2 Be7 31. f4 Bxc4 32. Nc3 Rb8 33. fxe5 dxe5
34. Qd7 Qxb2# 0-1

[Event "Challenge"]
[Site "http://www.queenalice.com/game.php?id=1113067"]
[Date "2012.10.16"]
[Round "-"]
[White "Lazarus"]
[Black "Enrico64"]
[Result "1-0"]
[WhiteElo "1736"]
[BlackElo "1757"]

1. e4 e5 2. f4 Bc5 3. Nf3 d6 4. c3 Nc6 5. d4 exd4 6. cxd4 Bb4+ 7. Bd2 Bg4 8. Bc4
Bxf3 9. Qxf3 Nxd4 10. Qd3 Bxd2+ 11. Nxd2 Qf6 12. O-O c5 13. Rae1 Rd8 14. e5 dxe5
15. fxe5 Nf3+ 16. Qxf3 Qxf3 17. Nxf3 Ne7 18. e6 f6 19. Bb5+ Nc6 20. e7 Rd7 21.
Bc4 a6 22. Ng5 Nxe7 23. Bb3 fxg5 24. Rf7 g6 25. a4 b5 26. Bd5 Rxd5 27. Rfxe7+
Kd8 28. axb5 axb5 29. Rb7 Re8 30. Rf1 b4 31. Rff7 Re1+ 32. Kf2 Rde5 33. Rb8# 1-0

[Event "Challenge"]
[Site "http://www.queenalice.com/game.php?id=1113068"]
[Date "2012.10.16"]
[Round "-"]
[White "Enrico64"]
[Black "Lazarus"]
[Result "1-0"]
[WhiteElo "1740"]
[BlackElo "1753"]

1. e4 c5 2. Nc3 d6 3. Nge2 Nc6 4. g3 Nf6 5. Bg2 e6 6. d4 g6 7. d5 exd5 8. exd5
Ne7 9. Bg5 Bg7 10. O-O O-O 11. Nf4 Bd7 12. Qd2 Nexd5 13. Nfxd5 Qa5 14. Bxf6 Bxf6
15. Nxf6+ Kh8 16. Nxd7 Rfe8 17. Nf6 Re6 18. Nfe4 Rd8 19. Rad1 Rde8 20. Rfe1 d5
21. Qxd5 Qb6 22. b3 a6 23. Kf1 Qa5 24. Na4 f5 25. Nec3 1-0